1985 progress report
Sparad:
| Huvudupphovsman: | |
|---|---|
| Materialtyp: | Bok |
| Språk: | Undetermined |
| Publicerad: |
Taiwan
AVRDC
1987
|
| Ämnen: | |
| Taggar: |
Lägg till en tagg
Inga taggar, Lägg till första taggen!
|
| Thư viện lưu trữ: | Trung tâm Học liệu Trường Đại học Cần Thơ |
|---|
| LEADER | 00433nam a2200181Ia 4500 | ||
|---|---|---|---|
| 001 | CTU_13351 | ||
| 008 | 210402s9999 xx 000 0 und d | ||
| 082 | |a 635.04 | ||
| 082 | |b A832 | ||
| 100 | |a AVRDC | ||
| 245 | 0 | |a 1985 progress report | |
| 245 | 0 | |c AVRDC | |
| 260 | |a Taiwan | ||
| 260 | |b AVRDC | ||
| 260 | |c 1987 | ||
| 650 | |a horticulture | ||
| 904 | |i Minh, 961127 | ||
| 980 | |a Trung tâm Học liệu Trường Đại học Cần Thơ | ||